000 00353 a2200145 4500
999 _c325359
_d325359
001 90286
003 NUST
082 _a297.23 AMI
100 _aAmir Layaqat Hussain
_99812
245 _aAsar e Qayamat 1(Voll 2)
_hUrdu
250 _aVoll 2
260 _aLahore
_bAlhamad Publications
_c2013
300 _a320p.
500 _aGeneral Books
942 _aCAE NUST
_cBK
_k297.23 AMI
_2ddc